Hercules - Portrayals by Picture - Statistics

General Stats
  • This quiz has been taken 5 times
  • The average score is 5 of 34
Answer Stats
Picture Answer % Correct
Dwayne Johnson
100%
Arnold Schwarzenegger
75%
Kevin Sorbo
75%
Brett Goldstein
50%
Kevin Sorbo
50%
Ryan Gosling
50%
John Morrison
25%
Kevin Sorbo
25%
Lou Ferrigno
25%
Mark Addy
25%
Tate Donovan
25%
Alan Steel
0%
Brad Harris
0%
Brian Thompson
0%
Cam Clarke
0%
Chris Diamantopoulos
0%
Dan Vadis
0%
Garry Chalk
0%
George DiCenzo / Bob Denison
0%
Gordon Scott
0%
Jimmy Tapp
0%
Jonathan Whitesell
0%
Kellan Lutz
0%
Kirk Morris
0%
Mark Forest
0%
Mickey Hargitay
0%
Mike Lane
0%
Nigel Green
0%
Paul Telfer
0%
Reg Park
0%
Rock Stevens
0%
Samson Burke
0%
Steve Reeves
0%
Tiny Sandford
0%
No matching quizzes found
Score Distribution
Percent of People with Each Score
Percentile by Number Answered
Your Score History
You have not taken this quiz